| 000 | 01453 a2200229 4500 | ||
|---|---|---|---|
| 001 | 1956 | ||
| 005 | 20260407155422.0 | ||
| 008 | 260407a2008 arg spa d | ||
| 003 | AR-UNSa-BCEJYS | ||
| 040 |
_aAR-UNSa-BCEJYS _bspa _cAR-UNSa-BCEJYS |
||
| 080 |
_a349.2 _xDerecho del Trabajo |
||
| 245 | 1 | 0 | _aTratado de derecho del trabajo |
| 020 | _a978-950-727-668-2 | ||
| 264 | 1 |
_aBuenos Aires : _bRubinzal-Culzoni Editores _c2008 |
|
| 300 |
_a10 v. _c22 cm. |
||
| 505 | _aVol. 1: Teoría general del derecho del trabajo - Vol. 2: La relación individual de trabajo-I - Vol. 3: La relación individual de trabajo-II - Vol. 4: La relación individual de trabajo-III - Vol. 5: La relación individual de trabajo-IV - Vol. 6: Riesgos del trabajo. Obligación de seguridad. Accidentes y enfermedades inculpables - Vol. 6/a: Riesgos del trabajo. Actualización normativa y jurisprudencial (2007-2009) Decreto 1694/09 y fallos dela CSJN - Vol. 7: Relaciones colectivas de trabajo-I - Vol. 8: Relaciones colectivas de trabajo-II - Vol. 9: erecho procesal del trabajo - Vol. 10: Actualización de los tomos 1 a 9 - Vol. 11: Estatutos y regulaciones especiales. Régimen Nacional del trabajo agrario | ||
| 942 | _cBK | ||
| 590 | _aniveau_biblio:m niveau_hierar:0 | ||
| 100 | 1 | _aAckerman, Mario E. | |
| 700 | 1 | _aTosca, Diego M. | |
| 856 | 4 | 1 |
_uhttps://biblioeco.unsa.edu.ar/pmb/images/libros/Tratado de derecho del trabajo-l118246.jpg _yImagen de portada _qimage/jpeg |
| 999 |
_c237 _d237 |
||